Drag race trivia - Statistics

General Stats
  • This quiz has been taken 66 times
  • The average score is 11 of 15
Answer Stats
Question Answer % Correct
What came out of Sasha Velour's wig in the Season 9 finale? Rose petals
97%
Who has been on the most seasons? Jujubee
91%
Which winner's former significant other is also a winner? Sharon Needles
91%
Who wore stilts on the runway? Ivy Winters
84%
Who of these is yet to come back for All Stars? Joslyn Fox
84%
Which contestant is now an Emmy winner? Raven
81%
Who has quit drag and is now a politician? Honey Mahogany
75%
Which Lady Gaga song was the Season 11 Lip Sync for the Crown? The Edge of Glory
75%
Who fell on the Season 1 runway? Akashia
72%
Which all stars winner placed the lowest on their original season? Kylie Sonique Love
72%
Which season contained the first double shantay? 3
69%
Which model does Detox mention in their Read U Wrote U verse? Naomi Campbell
69%
which of these contestants was NOT over 45 at any time they competed? Jessica Wild
47%
Who is the tallest contestant on a US season? Tempest DuJour
31%
Who won ShakesQueer? Max
28%
No matching quizzes found
Score Distribution
Percent of People with Each Score
Percentile by Number Answered
Your Score History
You have not taken this quiz